Królowie Strzelców Ekstraklasy po 2000 roku - Statystyki

Ogólne statystyki
  • Ten quiz został rozwiązany 50 razy
  • Średni wynik to 12 z 26
Statystyki odpowiedzi
Hint Odpowiedź % Poprawnych
2001 Tomasz Frankowski
75%
2005 Tomasz Frankowski
75%
2011 Tomasz Frankowski
75%
2014 Marcin Robak
73%
2010 Robert Lewandowski
71%
2002 Maciej Żurawski
67%
2004 Maciej Żurawski
67%
2017 Marco Paixao
54%
2008 Paweł Brożek
52%
2009 Paweł Brożek
52%
2018 Carlitos
48%
2012 Artjoms Rudnevs
44%
2025 Efthymios Koulouris
40%
2021 Tomas Pekhart
38%
2019 Igor Angulo
35%
2013 Robert Demjan
35%
2006 Grzegorz Piechna
33%
2003 Stanko Svitlica
33%
2023 Marc Gual
29%
2022 Ivi Lopez
27%
2007 Piotr Reiss
27%
2020 Christian Gytkjaer
25%
2015 Kamil Wilczek
25%
2024 Erik Exposito
23%
2009 Takesure Chinyama
21%
2016 Nemanja Nikolics
15%
Nie znaleziono quizów pasujących do podanych kryteriów
Rozkład punktacji
Procent ludzi z każdym wynikiem
Percentyl według liczby udzielonych odpowiedzi
Twoja historia wyników
Nie rozwiązałeś tego quizu